LEADER 00842nam a2200217 i 4500 001 000000228740 003 CaOOAMICUS 005 20260331104753.0 008 140409s1989 it u000 u ita u 040 $aSeMil$bita 245 10$aDizionario italiano ragionato. 264 1$aFirenze :$bD'Anna-Sintesi,$c1989. 300 $a2017 p. ;$c250 cm. 650 4$aLingua italiana - Dizionari, vocabolari, glossari, etc.$0(OLS)http://semarc/subject/705 850 $aSeMil 852 $aSeMil$W1$xVenegono$y1$m1P VI 13$j269402$B179086$CSeMilBibl$Z2$F190149 $81 941 1 $a4 961 $aLascito: Martini Card. Carlo Maria. -- Con dedica autografa 996 $6245$aDizionario italiano ragionato$9(OLS)http://semarc/title/327399 996 $6264$aFirenze :$bD'Anna-Sintesi$9(OLS)http://semarc/publisher/62968